L'industrie Japonaise

Gespeichert in:
Bibliographische Detailangaben
Format: Buch
Sprache:Undetermined
Veröffentlicht: Tokyo 1974
Schlagworte:
Tags: Tag hinzufügen
Keine Tags, Fügen Sie den ersten Tag hinzu!
Thư viện lưu trữ: Trung tâm Học liệu Trường Đại học Cần Thơ
LEADER 00383nam a2200157Ia 4500
001 CTU_99675
008 210402s9999 xx 000 0 und d
082 |a 338 
082 |b I.38/T.2 
245 0 |a L'industrie Japonaise 
260 |a Tokyo 
260 |c 1974 
650 |a Industry 
650 |z Japan 
904 |i Tuyến 
980 |a Trung tâm Học liệu Trường Đại học Cần Thơ